| Tag |
First Indicator |
Second Indicator |
Subfields |
| LEADER |
00000cam a2200000La 4500 |
| 001 |
in00001761021 |
| 005 |
20220105121552.0 |
| 006 |
m u |
| 007 |
cr cn- |
| 008 |
001009r19991996nyuam s 001 0aeng d |
| 010 |
|
|
|z 96020756
|
| 020 |
|
|
|a 0585275459 (electronic bk.) :
|c $19.95
|
| 020 |
|
|
|z 0815605846 (pbk.)
|
| 035 |
|
|
|a (OCoLC)ocm45730998
|
| 040 |
|
|
|a N$T
|c N$T
|d OCL
|d UtOrBLW
|
| 043 |
|
|
|a n-us---
|
| 049 |
|
|
|a IKMN
|
| 050 |
1 |
4 |
|a PN1992.4.O66
|b A3 1999eb
|
| 082 |
0 |
4 |
|a 791.45/0232/092
|a B
|2 20
|
| 100 |
1 |
|
|a Oppenheimer, Jess.
|0 http://id.loc.gov/authorities/names/n85138040
|
| 245 |
1 |
0 |
|a Laughs, luck -- and Lucy :
|b how I came to create the most popular sitcom of all time /
|c Jess Oppenheimer with Gregg Oppenheimer.
|
| 250 |
|
|
|a 1st ed.
|
| 264 |
|
1 |
|a New York :
|b Syracuse University Press,
|c 1999, 1996.
|
| 300 |
|
|
|a xviii, 290 pages :
|b illustrations ;
|c 24 cm. +
|e 1 sound disc (digital)
|
| 336 |
|
|
|a text
|b txt
|2 rdacontent
|
| 337 |
|
|
|a computer
|b c
|2 rdamedia
|
| 338 |
|
|
|a online resource
|b cr
|2 rdacarrier
|
| 490 |
1 |
|
|a The television series
|
| 500 |
|
|
|a Includes index.
|
| 533 |
|
|
|a Electronic reproduction.
|b Boulder, Colo. :
|c NetLibrary,
|d 2000.
|n Available via World Wide Web.
|n Access may be limited to NetLibrary affiliated libraries.
|n This netLibrary eBook does not include data from the CD-ROM that was part of the original hardcopy book.
|
| 500 |
|
|
|a Electronic resource.
|
| 600 |
1 |
0 |
|a Oppenheimer, Jess.
|0 http://id.loc.gov/authorities/names/n85138040
|
| 650 |
|
0 |
|a Television producers and directors
|z United States
|v Biography.
|0 http://id.loc.gov/authorities/subjects/sh2008112768
|
| 630 |
0 |
0 |
|a I love Lucy (Television program)
|0 http://id.loc.gov/authorities/names/n94080228
|
| 655 |
|
7 |
|a Electronic books.
|2 local
|
| 700 |
1 |
|
|a Oppenheimer, Gregg.
|0 http://id.loc.gov/authorities/names/n96049282
|
| 710 |
2 |
|
|a NetLibrary, Inc.
|0 http://id.loc.gov/authorities/names/no99080690
|
| 776 |
1 |
|
|c Original
|w (DLC) 96020756
|w (OCoLC)34782653
|
| 830 |
|
0 |
|a Television series (Syracuse, N.Y.)
|0 http://id.loc.gov/authorities/names/n94122892
|
| 856 |
4 |
1 |
|u https://proxy.library.tamu.edu/login?url=http://www.netLibrary.com/urlapi.asp?action=summary&v=1&bookid=33867
|z Connect to the full text of this electronic book
|t 0
|
| 994 |
|
|
|a 92
|b IKM
|
| 999 |
|
|
|a MARS
|
| 999 |
f |
f |
|s a082c26d-7c81-3416-9b6e-a993c2a1c1d5
|i ecbb69af-aff5-3769-8c7c-352750411156
|t 0
|
| 952 |
f |
f |
|a Texas A&M University
|b College Station
|c Electronic Resources
|d Available Online
|t 0
|e PN1992.4.O66 A3 1999eb
|h Library of Congress classification
|
| 998 |
f |
f |
|a PN1992.4.O66 A3 1999eb
|t 0
|l Available Online
|